1099 1147 1219 1022 1286 1386 1561 1259 1848 1229 1325 1491 1902 1299 1784 1625 1502 1421 1692 1785 1004 1169 1665 1967 1280 1567 1558 1198 1811 1063 1677 1479 1461 1901 1343 1131 1855 1914 1730 1032 1075 1615 1657 1093 1310 1062 1845 1165 1442 1459 1751 1133 1891 1125 1928 1629 1758 1637 1056 1882 1886 1353 1487 1036 1584 1714 1084 1940 1895 1594 1223 1826 1466 1395 1192 1889 1222 1809 1760 1638 1339 1678 1200 1398 1684 1918 1214 1889 1206 1203 1561 1478 1333 1492 1131 1436 1483 1895 1733 BCNSPRNW ULIB Ver.6.0+V

เปลี่ยนเป็นภาษาไทย

Change to English
 แสดงรายละเอียดบรรณานุกรม
  กลับหน้าหลัก

Brief Record : Get Marc (ISO 2709) : E-mail record : QR code < ปิดหน้าต่าง
LEADER : 00000nam 2200000uu 4500
001    13399125788
003     ULIB
008    170905s2559||||th 000 0 tha d
020    ^a9786162799143
060  0 ^aWY150^bว429ก
100 0  ^aวันดี โตสุขศรี
245 00 ^aการพยาบาลอายุรศาสตร์ 1/^cวันดี โตสุขศรี
250    ^aพิมพ์ครั้งที่ 4(ฉบับปรับปรุงครั้งที่ 1)
260    ^aกรุงเทพฯ :^bโครงการตำราคณะพยาบาลศาสตร์ มหาวิทยาลัยมหิดล,^c2559
300    ^a616 หน้า ;^c26 ซม.
650  0 ^aการพยาบาล
650  0 ^aอายุรศาสตร์
700 0  ^aวันดี โตสุขศรี และคนอื่นๆ, บรรณาธิการ
710 1  ^aมหาวิทยาลัยมหิดล^bคณะพยาบาลศาสตร์
945    ^p300^l0^i25395
945    ^p300^l0^i25396
945    ^p300^l0^i25397
945    ^p300^l0^i25398
945    ^p300^l0^i25399
945    ^p300^l0^i25400
945    ^p300^l0^i25401
945    ^p300^l0^i25402
945    ^p300^l0^i25403
945    ^p300^l0^i25404
999    ^aกัณชพร จุลอักษร
รายการนี้ยังไม่มีแท็ก
คุณยังไม่ได้ล็อกอิน คุณสามารถมีกิจกรรมร่วมกับเว็บไซต์ได้ แต่ต้องล็อกอินก่อน ::
  ล็อกอิน

รายการสื่อสารสนเทศ

ลำดับที่ ประเภท เลขเรียก/บาร์โค้ด สถานที่ สถานะ
1. หนังสือสำรอง
หนังสือสำรอง
WY150 ว429ก ฉ.1 
  Barcode: 25395
ห้องสมุดวิทยาเขตนครสวรรค์
►หนังสือทั่วไป:l:General Books
บนชั้น
2. วิทยาศาสตร์การแพทย์ และสุขภาพ
วิทยาศาสตร์การแพทย์ และสุขภาพ
WY150 ว429ก ฉ.10 
  Barcode: 25404
ห้องสมุดวิทยาเขตนครสวรรค์
►หนังสือทั่วไป:l:General Books
บนชั้น
3. วิทยาศาสตร์การแพทย์ และสุขภาพ
วิทยาศาสตร์การแพทย์ และสุขภาพ
WY150 ว429ก ฉ.2 
  Barcode: 25396
ห้องสมุดวิทยาเขตนครสวรรค์
►หนังสือทั่วไป:l:General Books
บนชั้น
4. วิทยาศาสตร์การแพทย์ และสุขภาพ
วิทยาศาสตร์การแพทย์ และสุขภาพ
WY150 ว429ก ฉ.3 
  Barcode: 25397
ห้องสมุดวิทยาเขตนครสวรรค์
►หนังสือทั่วไป:l:General Books
บนชั้น
5. วิทยาศาสตร์การแพทย์ และสุขภาพ
วิทยาศาสตร์การแพทย์ และสุขภาพ
WY150 ว429ก ฉ.4 
  Barcode: 25398
ห้องสมุดวิทยาเขตนครสวรรค์
►หนังสือทั่วไป:l:General Books
ถูกยืม กำหนดส่งวันที่ 9 เมษายน 2569
  จอง
6. วิทยาศาสตร์การแพทย์ และสุขภาพ
วิทยาศาสตร์การแพทย์ และสุขภาพ
WY150 ว429ก ฉ.5 
  Barcode: 25399
ห้องสมุดวิทยาเขตนครสวรรค์
►หนังสือทั่วไป:l:General Books
บนชั้น
7. วิทยาศาสตร์การแพทย์ และสุขภาพ
วิทยาศาสตร์การแพทย์ และสุขภาพ
WY150 ว429ก ฉ.6 
  Barcode: 25400
ห้องสมุดวิทยาเขตนครสวรรค์
►หนังสือทั่วไป:l:General Books
บนชั้น
8. วิทยาศาสตร์การแพทย์ และสุขภาพ
วิทยาศาสตร์การแพทย์ และสุขภาพ
WY150 ว429ก ฉ.7 
  Barcode: 25401
ห้องสมุดวิทยาเขตนครสวรรค์
►หนังสือทั่วไป:l:General Books
บนชั้น
9. วิทยาศาสตร์การแพทย์ และสุขภาพ
วิทยาศาสตร์การแพทย์ และสุขภาพ
WY150 ว429ก ฉ.8 
  Barcode: 25402
ห้องสมุดวิทยาเขตนครสวรรค์
►หนังสือทั่วไป:l:General Books
บนชั้น
10. วิทยาศาสตร์การแพทย์ และสุขภาพ
วิทยาศาสตร์การแพทย์ และสุขภาพ
WY150 ว429ก ฉ.9 
  Barcode: 25403
ห้องสมุดวิทยาเขตนครสวรรค์
►หนังสือทั่วไป:l:General Books
บนชั้น

รายการใกล้เคียง
    ผู้แต่ง [วันดี โตสุขศรี]

    หัวเรื่อง [การพยาบาล]
    หัวเรื่อง [อายุรศาสตร์]

BibComment


ยังไม่เคยถูกคอมเมนท์

คอมเมนท์ทรัพยากรรายการนี้
  คอมเมนท์: การพยาบาลอายุรศา..


 Copyright 2026. Bcnsprnw @Library